Vista normal Vista MARC

Entrada Materia (personas)

Número de registros utilizados en: 4

001 - CONTROL NUMBER

  • control field: 117411

003 - CONTROL NUMBER IDENTIFIER

  • control field: Co-BoUCM

005 - DATE AND TIME OF LATEST TRANSACTION

  • control field: 20211020085910.0

008 - FIXED-LENGTH DATA ELEMENTS

  • fixed length control field: 211020|| aca||aabn | a|a d

040 ## - CATALOGING SOURCE

  • Original cataloging agency: Co-BoUCM
  • Transcribing agency: Co-BoUCM

100 ## - HEADING--PERSONAL NAME

  • Personal name: Rodriguez, Orlando Alfonso

670 ## - SOURCE DATA FOUND

  • Source citation: Work cat.: (Co-BoUCM)18019: Rodriguez, Orlando Alfonso, El testimonio penal y sus errores, 1985